000 00394nam a2200145Ia 4500
008 230312s9999||||xx |||||||||||||| ||und||
020 _a1-4239-0222-5
082 _a005.133
_bMAL-C
100 _aMalik;D.S
245 0 _aC++ Programming:Program Design Including Data Structures
260 _bCourse Technology
_aCanada
_c2009
300 _a1560
650 _aEngineering
_vComputer
942 _cBK
999 _c10021
_d10021